[Event "Donetzk zt"]
[Site "Donetsk"]
[Date "1998.11.12"]
[Round "10"]
[White "Brodsky, Michail"]
[Black "Berelowitsch, Alexander"]
[Result "1-0"]
[WhiteElo "2525"]
[BlackElo "2495"]
[Annotator "Horn,Pe"]
[PlyCount "79"]
[EventDate "1998.11.02"]
[EventType "swiss"]
[EventRounds "11"]
[EventCountry "UKR"]
[SourceTitle "CBM 068"]
[Source "ChessBase"]
[SourceDate "1999.02.01"]
[SourceVersion "1"]
[SourceVersionDate "1999.02.01"]
[SourceQuality "1"]

1. Nf3 Nf6 2. g3 c5 3. Bg2 Nc6 4. d4 cxd4 5. Nxd4 {Weiß spielt eine
Grünfeldverteidigung mit vertauschten Farben.} e5 (5... g6 6. c4 {->A3} (6. O-O
Bg7 7. Nc3 (7. Nxc6 bxc6 8. Nd2 O-O 9. Nb3 Qc7 10. Bd2 d6 11. Ba5 Qd7 12. Bc3
Rb8 13. Qd2 Bb7 14. Rfe1 Ne8 15. Rad1 Qc7 16. e4 c5 17. Na5 Ba8 18. Nc4 $14 {
Gutman,L-Liberzon,V/Netanya 1983/MCL}) 7... O-O 8. Nb3)) (5... d5 6. O-O (6. c4
Qb6 7. Nxc6 bxc6 8. cxd5 cxd5 9. Nc3 e6 10. O-O Bb7 11. Be3 Qa6 $13 {Shvidler,
E-Damjanovic,M/Tel Aviv 1991/CBM 27 ext}) 6... e5 7. Nxc6 bxc6 8. c4 Be6 9. Qa4
Qd7 10. Nc3 Rc8 11. cxd5 cxd5 12. Qxd7+ Kxd7 13. Rd1 $16 {Zak,U-Sindik,E/Tel
Aviv 1991/CBM 27 ext}) (5... e6 6. O-O Be7 7. c4 {->A3}) (5... Qb6 6. Nb3 g6 7.
O-O Bg7 8. c4 {->A3}) 6. Nxc6 (6. Nb3 d5 7. Bg5 Be6 8. Nc3 d4 9. Ne4 Be7 10.
Nxf6+ (10. Bxf6 $13) 10... gxf6 11. Bh6 Rg8 12. O-O a5 13. Qd3 a4 14. Qb5 (14.
Qxh7 Kd7 {[%cal Yg8h8]}) 14... Bd7 (14... axb3 15. Qxb7 $18) 15. Qxb7 Rc8 16.
Nc1 Na5 $17 {Gutman,L-Alburt,L/Beltsy 1977/MCD}) (6. Nb5 d6 (6... d5 7. Bxd5 $5
) 7. c4 (7. Bg5 $5) 7... Be6 8. b3 a6 9. N5c3 Rc8 10. O-O Be7 11. Bb2 O-O 12.
Na3 Qa5 13. Qd2 Rfd8 14. Rfd1 Rd7 15. Nd5 $14 {Karolczak,L-Janocha,W/Koszalin
1998/EXT 99}) 6... dxc6 (6... bxc6 7. c4 (7. O-O Be7 8. c4 O-O 9. Nc3 (9. Bg5
Qc7 10. Nc3 h6 11. Bxf6 Bxf6 12. Qc2 d6 13. Rfd1 Be6 14. b3 Rac8 15. e4 Be7 16.
Na4 f5 17. c5 f4 18. cxd6 Bxd6 19. Nc5 Qe7 20. Nxe6 Qxe6 $11 {Lamb,H-Lai Hop
Duong/Leipzig 1998/EXT 99}) 9... Rb8 10. b3 Qc7 11. Bb2 Rd8 12. Rc1 d6 13. Qd2
h6 14. Na4 Bf5 15. Bc3 Re8 16. Qe3 Ng4 17. Qf3 Bd7 18. e4 c5 19. Bd2 Bxa4 20.
Qxg4 Bd7 21. Qh5 Qc8 {1/2-1/2 Small,V-Noble,M/Auckland 1992/CBM 29 ext}) 7...
Bc5 8. O-O O-O 9. Nc3 Ba6 10. Qa4 (10. Qc2 $14) 10... Qb6 11. Rb1 d5 12. cxd5
Nxd5 13. Bxd5 (13. Qc2 $5) 13... cxd5 14. Nxd5 Qd6 15. Ne7+ Kh8 16. Nf5 Qe6 17.
Be3 Bxe3 18. Nxe3 Bxe2 19. Rfe1 Bf3 $17 {Engel,J-Spielmann,R/Trencianske
Teplice 1928/EXT 99}) 7. Qxd8+ (7. O-O Qxd1 8. Rxd1 Bf5 9. c4 Rd8 $6 10. Rxd8+
Kxd8 11. Nc3 Bb4 12. Bd2 Kc7 13. Rc1 Be7 $11 {Schmall,J-Glaser,J/Nuernberg
1988/EXT 97}) 7... Kxd8 8. Nd2 $5 $146 (8. Bd2 Kc7 9. c4 Bc5 10. Bc3 Re8 11.
Nd2 Bd4 12. Rc1 Bf5 $15 {Gutman,L-Alburt,L/Ashkhabad 1978/MCL}) 8... Bf5 (8...
Kc7 $5) (8... Be6 9. Nf3 $14) 9. e4 Be6 10. Nf3 Nxe4 (10... Bd6 11. Ng5 $14)
11. Nxe5 Nd6 $2 ({Bessere Verteidigungschancen bot} 11... Nf6 12. Bf4 (12. Bg5
Kc7 13. O-O-O) 12... Kc8 13. O-O-O Nd5 14. Bd2 $14) 12. Bf4 f6 13. Nd3 $16 {
[%csl Gd3,Rd8,Gf4,Gg2] Hier ist die Lage für Schwarz schon bedenklich: die
weißen Leichtfiguren sind ausgezeichnet plaziert, und der schwarze K hat
Schwierigkeiten, sich etwas gegen den Aufmarsch der R in der d- und e-Linie
einfallen zu lassen.} Kc7 14. O-O-O g5 {Damit beseitigt Schwarz zwar die
lästige Fesselung, aber er schafft dadurch neue Schwächen am Königsflügel.} 15.
Bd2 {[%cal Yh2h4,Yd2c3]} Nc4 (15... Bg7) 16. Bc3 Bg7 17. h4 g4 {[%csl Rf6,Rg4]
Die fixierten schwarzen Schwächen sind nun ganz schrecklich anzuschauen. Es
ist aber fraglich, ob die Alternative besser war:} (17... h6 18. Nc5 (18. hxg5
hxg5 19. Rxh8 Rxh8 20. Re1 Bd7 $8 21. Re7 Rh2 (21... Bf8 22. Rf7 $16) 22. Bxc6
Kxc6 23. Rxg7 $16) 18... Bf5 19. Rd4 $16) 18. Nf4 (18. Nc5 $5) 18... Bf7 19. h5
Ne5 (19... h6 20. Rh4 Ne5 21. Be4 $18 {[%cal Re4f5]}) 20. h6 Bf8 21. Be4 Bc5
22. Nd3 (22. Nh5 Be7 $16) 22... Bd6 (22... Nxd3+ 23. Rxd3 Bxf2 24. Bxf6 $18 {
[%csl Rh7]}) 23. Rh4 Bg6 $2 {Kostet sofort einen P.} ({Hartnäckiger war} 23...
Be6 {Danach fällt die Stellung noch nicht sofort auseinander:} 24. Nxe5 (24.
Rh5 Nd7 $16) 24... Bxe5 25. Bxe5+ fxe5 26. Rh5 Raf8 27. Rd2 Rf6 $16) 24. Nxe5
Bxe5 (24... Bxe4 25. Nf7 $18) 25. Bxe5+ fxe5 26. Rxg4 Bxe4 27. Rxe4 Rae8 28.
Rde1 Re6 29. Rxe5 Rxh6 30. Re7+ Kb6 31. Rf7 {[%cal Re1e7,Re1e3]} Rh2 32. Re3
Rd8 33. Rb3+ Ka6 34. c4 Rh1+ (34... Rb8 35. Kd2 $18) 35. Kc2 Rhd1 36. Rbxb7
R8d3 37. a3 R1d2+ 38. Kb1 Rxf2 39. Rxa7+ Kb6 40. c5+ 1-0

[Event "WchT 4th"]
[Site "Luzern"]
[Date "1997.10.28"]
[Round "4.3"]
[White "Kaidanov, Gregory S"]
[Black "Khurtsidze, Nino"]
[Result "1-0"]
[WhiteElo "2600"]
[BlackElo "2415"]
[Annotator "Horn,Pe"]
[PlyCount "147"]
[EventDate "1997.10.25"]
[EventType "team-tourn"]
[EventRounds "9"]
[EventCountry "SUI"]
[SourceTitle "CBM 062"]
[Source "ChessBase"]
[SourceDate "1998.01.31"]
[SourceVersion "1"]
[SourceVersionDate "1998.01.31"]
[SourceQuality "1"]
[WhiteTeam "US of America"]
[BlackTeam "Georgia (w)"]
[WhiteTeamCountry "USA"]
[BlackTeamCountry "GEO"]

1. e4 c5 2. Nf3 e6 3. d3 Nc6 4. g3 g6 5. Bg2 Bg7 6. O-O Nge7 7. c3 O-O 8. d4 d6
(8... cxd4 9. cxd4 d5 10. e5 Nf5 (10... f6 11. Re1 fxe5 12. dxe5 Bd7 13. Nc3
Rc8 14. Bf4 $14 {Ljubojevic-Tatai/Manila/1973}) (10... b5 11. Nbd2 a5 12. Nb3
a4 13. Nc5 Qb6 14. Bf4 f6 15. Re1 Nf5 16. exf6 $16 {Bologan-Kurz,E/Biel op/1995
}) 11. Nc3 f6 12. Re1 fxe5 13. dxe5 Bd7 14. Bf4 h6 15. h4 $14 {
Ljubojevic-Timman/Hilversum/1973}) (8... d5 $5 9. e5 Qb6 10. Na3 {Da liegt ein
wesentlicher Unterschied zu den Stellungen, wenn Schwarz sofort auf d4 tauscht:
dort entwickelt Weiß den Nb1 nach c3, um bei Bedarf die Qb6 mit Na4 zu
vertreiben.} (10. dxc5 $5) 10... cxd4 11. cxd4 f6 12. Re1 Bd7 13. Rb1 Rac8 14.
Bf4 fxe5 15. dxe5 Rxf4 $5 16. gxf4 Qb4 17. Qb3 Rf8 18. Rbc1 Qxb3 19. axb3 Rxf4
$132 {Bologan-Ivanchuk/Moscow PCA-GP/1996}) 9. d5 {In den Büchern wird
Fischers Fortsetzung (Pxc5) gefeiert. Die beiden Kontrahenten in dieser Partie
sind offensichtlich anderer Ansicht. Das könnte ein guter Grund sein, dieses
Urteil einmal zu überprüfen (immerhin war Fischer sicher ein stärkerer Spieler
als Durao).} (9. dxc5 {! von Dworezki} dxc5 10. Qe2 b6 11. e5 a5 12. Re1 Ba6
13. Qe4 Ra7 14. Nbd2 Bd3 15. Qh4 Nd5 16. Qxd8 Rxd8 17. a4 $1 Rad7 18. Bf1 Bxf1
19. Kxf1 $16 {Fischer,R-Durao,J/Habana ol/1966}) 9... exd5 (9... Nb8 10. dxe6
Bxe6 11. Ng5 Bc4 12. Re1 h6 13. Na3 Ba6 14. Nh3 Nbc6 15. Nf4 $14 {Skripchenko,
A-Solak,D/EU-chJM U20/1995}) 10. exd5 Ne5 11. Nxe5 Bxe5 12. Nd2 {[%cal Yd2c4,
Yc1f4]} Bg7 13. a4 (13. Nc4 b5) 13... b6 14. Re1 (14. Nc4 Ba6) 14... Bb7 (14...
Re8) (14... Ba6 15. Ne4 $5 {[%cal Yc1f4,Yc1g5]}) 15. Nc4 Ba6 16. Qb3 {[%csl
Rd6][%cal Yc1f4]} Qd7 17. Bf4 Bxc4 (17... Nf5 18. Be4 $16 {und Schwarz kann
den Tausch auf c4 auch nicht vermeiden.}) 18. Qxc4 $16 {[%csl Re7] Da der Ne7
keine sonderlich sinnvolle Betätigung findet, hat hier Weiß eindeutig mehr vom
Spiel.} Rae8 $6 (18... a6 $5 {so könnte Schwarz die weiße Invasion am Q-Flügel
bremsen.}) (18... Kh8 $6 {[%cal Ye7g8]} 19. Re4 Ng8 20. Qb5 $16) 19. Qa6 Nc8 {
Damit wehrt Schwarz zwar die direkten Einschläge ab, mit dem folgenden
Einstieg auf den weißen Feldern legt Weiß aber das schwarze Spiel so lahm, daß
ich hier nicht mehr an eine Rettung für Schwarz glaube.} 20. Bf1 {[%cal Rf1b5]}
Qf5 21. Rxe8 Rxe8 22. Qb7 g5 23. Be3 Bf6 24. Bb5 Rd8 (24... Re7 25. Qb8 {
[%csl Rc8][%cal Yb5a6] und der Nc8 befindet sich in einer traurigen Lage.}) 25.
Qc7 h5 (25... Qxd5 26. Bd7 Rxd7 $8 27. Qxd7 $18) 26. Re1 h4 27. Bc1 Kf8 28. Ba6
Kg7 29. Bf1 hxg3 (29... Qxd5 30. Bh3 Qa8 31. Bg2 d5 32. Re6 $18) 30. fxg3 Rh8 (
30... Qxd5 31. Bh3 Qa8 32. Bg2 d5 33. Re6 $18) 31. Bg2 Qh7 32. h3 Qd3 33. Kh2
Qc2 (33... Be5 34. Re3 (34. Rxe5 $2 dxe5 35. Qxe5+ f6 (35... Kg8 $2 36. Bxg5
$18) 36. Qc7+ Kh6 $11 (36... Kg6 $2 37. Bxg5 $1 fxg5 38. Qe5 $18)) 34... Qc2 (
34... Qg6 35. Qd7 $40) 35. Rf3 Qg6 (35... Qxc1 $2 36. Qxf7+ Kh6 37. Qe6+ $18) (
35... Bf6 36. Bxg5 Bxg5 37. Qxf7+ Kh6 38. Rf5 Ne7 39. Rxg5 Kxg5 40. h4+ Kh6 41.
g4 $18) 36. Bf4 $1 {eine nette kleine Kombination.} Bxf4 (36... gxf4 37. gxf4
$16 {[%cal Rf4e5,Rf3g3]}) 37. gxf4 g4 38. Rg3 Qf5 39. Kg1 $40) 34. Qd7 Rd8 35.
Qg4 {[%cal Rc1g5]} Qg6 36. Be4 Qh6 37. Kg2 Rh8 38. h4 Qh5 (38... Ne7 39. Rf1 {
[%cal Rf1f6]} Qh5 40. Qxh5 Rxh5 41. hxg5 $18 Bxg5 $140 $4 42. Bf3) 39. Qxh5
Rxh5 40. Bf3 Rh8 41. hxg5 Be5 42. Bf4 $18 Rd8 43. Bxe5+ dxe5 44. Rxe5 Kf8 45.
Be4 Nd6 46. Bd3 c4 47. Bc2 Rb8 48. g6 b5 49. Rh5 Kg8 50. gxf7+ Nxf7 51. a5 b4
52. Kf3 Rb5 53. Bg6 bxc3 54. bxc3 Rb3 55. Kf4 Rxc3 56. Rf5 Nd6 57. Rf6 Nb5 58.
Be8 Nc7 59. Bc6 Rd3 60. Ke4 Na6 61. Bb5 Nc5+ 62. Ke5 Rxg3 63. Rc6 Nd3+ 64. Kf5
Rf3+ 65. Ke4 Rf4+ 66. Ke3 Rf5 67. Bxc4 Ne5 68. Ke4 Rg5 69. Rc8+ Kf7 70. d6+
Nxc4 71. d7 Rg4+ 72. Kd5 Ne3+ 73. Kc6 Rc4+ 74. Kb7 1-0

[Event "Bermuda-A"]
[Site "Bermuda"]
[Date "2002.01.24"]
[Round "4"]
[White "Vescovi, Giovanni P"]
[Black "Socko, Bartosz"]
[Result "1-0"]
[WhiteElo "2590"]
[BlackElo "2585"]
[Annotator "Horn,Pe"]
[PlyCount "95"]
[EventDate "2002.01.21"]
[EventType "tourn"]
[EventRounds "9"]
[EventCountry "BER"]
[EventCategory "10"]
[SourceTitle "CBM 088"]
[Source "ChessBase"]
[SourceDate "2002.03.21"]
[SourceVersion "1"]
[SourceVersionDate "2002.03.21"]
[SourceQuality "1"]

1. e4 e6 2. d3 c5 3. Nf3 Nc6 4. g3 g6 5. Bg2 Bg7 6. O-O d6 7. c3 Nf6 8. Re1 e5
{Schwarz hat ausgeglichen. Mitunter hat er sogar noch ein Tempo weniger, da er
Pe7-e6-e5 spielt; auch das gilt als Ausgleich.} 9. a3 {Deswegen ist es
interessant, zu sehen, wie ein starker Spieler dieses Problem behandelt. Man
beachte, daß der Vorstoß vor der Entwicklung des Nb1 erfolgt.} O-O ({Das gibt
ihm die Chance, nach} 9... a5 10. a4 {[%cal Yb1a3,Ya3b5] den Nüber a3 nach b5
zu tragen.}) 10. b4 b5 (10... a6 {war z.B. auch ein sicherer Zug.}) 11. a4 {
Die grundsätzliche Antwort auf b5.} bxa4 12. Qxa4 Qc7 13. bxc5 ({Hier hätte ich
} 13. b5 $14 {erwartet.Es ist mir nicht klar, was Vescovi störte.}) 13... dxc5
14. Be3 Rd8 ({Angesichts des rückständigen Pa7 muß Schwarz sorgfältig agieren,
z.B. kommt} 14... Ne7 $2 {nicht in Frage:} 15. Qa5 $18) 15. Bf1 (15. Rd1 {
macht weniger Sinn, da Weiß Nfd2 plant, um das Feld c4 zu nutzen.}) 15... Bf8
16. h3 {Vorher muß er sich gegen Ng4 wappnen.} Bd7 {Damit sichert sich Schwarz:
er wird a7-a5 durchsetzen können.} 17. Nfd2 Rdb8 18. Na3 a5 19. Nac4 Ne8 {
[%cal Ye8g7,Yg7e6]} 20. Qd1 (20. Reb1 Rxb1 21. Rxb1 Nd4 $132 {[%cal Yd4b5,
Ya5a4]}) (20. Qc2 $5) 20... Ng7 21. Kh2 Ne6 {Damit hat Schwarz seine Sorgen um
den Pc5 beseitigt; er kann zuversichtlich die Dinge erwarten.} 22. Nf3 {
Ein deutliches Zeichen, daß die weißen Absichten sich nicht materialisiert
haben.} f6 23. Bc1 a4 $1 {Damit tut sich auf b3 ein Feld auf.} 24. Ne3 {
[%cal Ye3d5]} ({Mit} 24. Nfd2 {hätte Weiß den Springertransport nach b3
unterbunden.}) 24... Qd8 25. Nd5 Na5 26. Nd2 Kg7 27. Bg2 (27. Ba3) 27... Bb5
$15 {Schwarz hat deutlich die Führung der Partie an sich gerissen.} 28. Re3 c4
29. d4 $5 (29. dxc4 Nxc4 30. Nxc4 Bxc4 {würde Schwarz gefallen.}) 29... Nb3 30.
Ra2 Nc7 (30... exd4 31. cxd4 Nexd4 {bringt Schwarz einige Probleme wegen des
verwundbaren Pf6.} 32. Bb2 Ra6 33. Nf3 Nxf3+ 34. Rxf3 Be7 35. e5 f5 36. e6+ Kh6
(36... Kg8 37. Rxb3 $18) 37. Re3 $44) 31. dxe5 fxe5 32. Nf3 Bc5 (32... Bd6 $15)
33. Nxe5 $5 {Bei passivem Verhalten hat Schwarz mit seinem Übergewicht am
Damenflügel gute Aussichten. Deswegen ergreift Weiß gerne die Gelegenheit zu
Komplikationen.} Nxc1 ({Bei} 33... Bxe3 $6 34. Bxe3 {könnte der Be3 noch
mächtig werden.}) 34. Qxc1 Nxd5 (34... Qd6 $5 $15) 35. exd5 Bxe3 36. Qxe3 {
Die geschwächte schwarze Königsstellung gibt Weiß nun die gewünschte
Kompensation.} Qb6 (36... Qd6 37. Ng4 h5 38. Qd4+ $40) 37. Qd2 Re8 38. Ng4 Ra6
39. Rb2 (39. Qf4 a3 40. Rd2 Bd7 (40... a2 $2 41. d6 $16) 41. Ne5 Bf5 42. Nxc4
Qc5 $19) 39... Rd8 $2 {Sicherlich Zeitnot.} ({Nach dem logischen} 39... a3 {
hätte es Remis enden können:} 40. Rxb5 Qxb5 41. d6 Qc5 $1 42. Qh6+ Kg8 43. Nf6+
Kf7 44. Bd5+ Re6 45. Ne4 Qxd5 46. Qxh7+ Kf8 (46... Ke8 $2 47. Nf6+ Rxf6 48.
Qe7#) 47. Qh8+ Kf7 48. Qh7+ $11) 40. Qg5 (40. d6) 40... Qd6 (40... Re8 41. d6
Qxd6 42. Rxb5 $18) 41. Rxb5 Rd7 42. Qe3 h5 43. Qd4+ Kh7 44. Ne5 Rc7 45. Nf3 Qf6
46. Qxf6 Rxf6 47. Ra5 Rf5 48. g4 1-0

[Event "Salamanca"]
[Site "Salamanca"]
[Date "1991.??.??"]
[Round "11"]
[White "San Segundo Carrillo, Pablo"]
[Black "Sanz Alonso, Francisco Javier"]
[Result "1-0"]
[WhiteElo "2430"]
[BlackElo "2415"]
[Annotator "Horn,Pe"]
[PlyCount "33"]
[EventDate "1991.04.??"]
[EventType "tourn"]
[EventRounds "11"]
[EventCountry "ESP"]
[EventCategory "10"]
[SourceTitle "CBM 023"]
[Source "ChessBase"]
[SourceDate "1991.08.01"]
[SourceVersion "1"]
[SourceVersionDate "1991.08.01"]
[SourceQuality "1"]

1. Nf3 f5 2. e4 fxe4 3. Ng5 Nf6 4. d3 e3 $6 5. Bxe3 e5 6. d4 exd4 (6... Nc6 7.
d5 Ne7 8. Nc3 d6 9. Bc4 Bf5 10. f3 Ng6 11. Qd2 $16 {Romanishin}) 7. Qxd4 $5 (7.
Bxd4 Nc6 8. Bc4 Bb4+ $1 9. Nc3 d5 10. Qe2+ Qe7 11. Bb5 Qxe2+ 12. Kxe2 O-O 13.
Bxf6 Rxf6 14. Nxd5 Nd4+ 15. Kf1 Nxb5 16. Nxb4 Rf5 $13 {Lechtinsky-Knaak,
Tallinn 1979}) 7... Nc6 8. Qh4 Ne5 $6 (8... d5 $5) 9. Nc3 Be7 $2 (9... Ng6 $2
10. Qg3 $1 $16 { []xh7}) (9... d5 $1) 10. O-O-O Nfg4 (10... Ng6 11. Qc4 Rf8
12. Ne6 $18) (10... h6 11. Ne6 $18) 11. Bd2 d6 (11... h6 12. f4 Bxg5 13. fxg5)
(11... Nxf2 12. Re1 Nxh1 13. Rxe5 d6 14. Re1 Bf5 15. Bc4 $16) 12. Nd5 h6 13.
Nxe7 Qxe7 14. f4 Ng6 15. Qh5 Qf6 (15... hxg5 16. Qxg6+ Qf7 17. Re1+ Kf8 18.
Qxf7+ Kxf7 19. Bc4+ $16) 16. Bd3 Bf5 17. Ne4 1-0

[Event "Biel SKA"]
[Site "Biel"]
[Date "1991.??.??"]
[Round "13"]
[White "Lautier, Joel"]
[Black "Bareev, Evgeny"]
[Result "1/2-1/2"]
[WhiteElo "2560"]
[BlackElo "2680"]
[Annotator "Horn,Pe"]
[PlyCount "95"]
[EventDate "1991.07.??"]
[EventType "tourn"]
[EventRounds "14"]
[EventCountry "SUI"]
[EventCategory "15"]
[SourceTitle "CBM 025"]
[Source "ChessBase"]
[SourceDate "1991.12.01"]
[SourceVersion "1"]
[SourceVersionDate "1991.12.01"]
[SourceQuality "1"]

1. Nf3 {Kortschnoj} f5 2. e4 fxe4 3. Ng5 d5 4. d3 Qd6 5. dxe4 h6 6. Qh5+ g6 7.
Qh4 c6 {N} (7... Bg7 8. Nf3 Qb4+ (8... g5 9. Qh5+ Kf8 10. exd5) 9. Nbd2 dxe4
10. Qxe4 $13) 8. Bd3 Bg7 9. Nf3 g5 10. Qh5+ Kf8 11. O-O {/\ e5} Nd7 (11... Nf6
12. Qg6 Nxe4 13. Bxe4 dxe4 14. Qxe4) (11... e5 $5) 12. e5 $5 Nxe5 13. Nxe5 Bxe5
14. f4 $1 Bxf4 15. Bxf4 (15. g3 $2 Nf6 $1 $19) 15... gxf4 16. Nc3 Nf6 17. Qh4
e5 18. Ne2 $1 {/\ Nxf4} (18. g3 Ng4 19. gxf4 e4 $17) 18... Bg4 (18... e4 $2 19.
Nxf4 exd3 20. Ng6+ $18) (18... Kg7 19. Nxf4 exf4 20. Rxf4 $146 Rf8 (20... Nh7
21. Bxh7 Rxh7 22. Raf1 Be6 23. Qf6+ Kg8 24. Rg4+ $18) 21. Raf1 Bd7 (21... Nh7
22. Qg3+ Ng5 23. Rf7+ Rxf7 24. Qxd6 $18) 22. Qg3+ Kh8 23. Qg6 $18) 19. Nxf4
exf4 20. h3 Kf7 (20... Bd7 21. Rxf4 Kg7 22. Qg3+ Kf8 23. Raf1 $18) 21. hxg4 Qe5
22. Qh2 (22. Rae1 $2 Qd4+ (22... Qg5 23. Qh2) 23. Kh1 Rag8) 22... Qe3+ 23. Kh1
Qg3 24. Rxf4 Qxh2+ 25. Kxh2 Kg7 26. Raf1 Rhf8 27. Kg3 Rae8 28. Kh4 {/\ g5} Nd7
(28... Nh7 $4 29. Bxh7 Rxf4 30. Rxf4 Kxh7 31. Rf7+ Kg6 32. Rxb7 $16) 29. Rxf8
Nxf8 30. g5 $14 hxg5+ 31. Kxg5 Ne6+ 32. Kg4 Nc5 33. Bf5 Ne4 34. Kf4 Nf6 35. g4
d4 36. Rf2 c5 37. Rh2 c4 38. Rd2 Rd8 39. g5 Nd5+ 40. Ke5 Ne3 41. Be6 d3 42.
cxd3 cxd3 43. Ke4 Rd6 44. Kxe3 Rxe6+ 45. Kxd3 Rd6+ 46. Ke3 Rxd2 47. Kxd2 Kg6
48. Ke3 1/2-1/2

[Event "Reggio Emilia 9495 37th"]
[Site "Reggio Emilia"]
[Date "1994.??.??"]
[Round "1"]
[White "Belotti, Bruno"]
[Black "Contin, Daniel"]
[Result "1/2-1/2"]
[WhiteElo "2455"]
[BlackElo "2425"]
[Annotator "Horn,Pe"]
[PlyCount "115"]
[EventDate "1994.12.??"]
[EventType "tourn"]
[EventRounds "11"]
[EventCountry "ITA"]
[EventCategory "10"]
[SourceTitle "CBM 045"]
[Source "ChessBase"]
[SourceDate "1995.04.01"]
[SourceVersion "1"]
[SourceVersionDate "1995.04.01"]
[SourceQuality "1"]

1. e4 e6 2. d3 c5 3. g3 Nc6 4. Bg2 g6 5. Nf3 Bg7 6. O-O Nge7 7. Re1 d6 8. c3
O-O (8... e5 $10) 9. d4 (9. Na3 e5 $10) 9... cxd4 10. cxd4 Qb6 $1 (10... d5 11.
e5 $14 {Fischer-Panno/Buenos Aires/1970}) 11. d5 Nd4 (11... Bxb2 12. Bxb2 Qxb2
13. dxc6 (13. Nbd2 Na5 14. Qa4 Qb6 15. e5 Nxd5 16. exd6 Qd8 17. Ne5 b6 18. d7
Bb7 $17 {Hübner}) 13... Qxa1 14. Qb3 (14. cxb7 Bxb7 15. Qb3 Bd5 (15... Rfc8 16.
Qxb7 (16. Na3 Qc3 17. Qxb7 Qxa3 18. Qxe7 Qxa2 (18... Rc2 $5 19. Ng5 Rf8) 19.
Ng5 Rf8 {Vasiukov-Kalinichev/Moskau/1978} 20. Qxd6 $16) 16... Rab8 17. Qxe7
Rxb1 18. Rxb1 Qxb1+ 19. Bf1 Qxe4 20. Ng5 Qf5 21. Bd3 $18 {Hübner}) 16. exd5
Rab8 17. Qd3 Nxd5 $17 {Hübner}) 14... Nxc6 15. Nc3 Nd4 16. Rxa1 Nxb3 17. axb3
Bd7 18. e5 $1 d5 19. Nd4 Rfc8 20. Ncb5 Bxb5 21. Nxb5 a6 22. Nd4 $10 {
Dorfman-Gorelov/URS-ch/1981} (22. Nd6 $10 {Ljubojevic-Hübner/Buenos Aires/1978}
)) (11... exd5 $2 12. exd5 Ne5 13. Nxe5 Bxe5 14. Nd2 Qd4 15. Qb3 f6 16. Re4 Qb6
17. Qxb6 axb6 18. Rb4 $16 {Lee-Whiteley/Bristol/1967}) 12. Nc3 exd5 13. exd5
Nef5 $6 $146 (13... Nxf3+ 14. Bxf3 Nf5 15. Bg2 Bd7 16. Re2 Rfe8 17. Bf4 h6 18.
h4 Nd4 19. Rxe8+ Rxe8 20. Qd2 Bg4 $17 {Chikovani-Sideif Sade/URS-ch/1976}) 14.
Rb1 $6 (14. Nd2 $5 $14) 14... Nxf3+ 15. Qxf3 (15. Bxf3 Nd4 16. Be4 {/\ Be3})
15... Nd4 16. Qd3 Bf5 17. Ne4 Rfe8 18. Be3 (18. Bd2 Re7 $17) 18... Qb5 19. Qxb5
Nxb5 20. Bf4 Rac8 21. a4 Nd4 22. Nxd6 (22. g4 $5 Bxg4 23. Nxd6 Rxe1+ 24. Rxe1
$13) 22... Ne2+ 23. Rxe2 (23. Kh1 Bxb1) 23... Rxe2 24. Nxf5 (24. Nxc8 Bxb1 $19)
24... gxf5 25. d6 Bf6 (25... Be5 26. Bf3 $10) (25... Rxb2 26. Rxb2 Bxb2 27.
Bxb7 Rd8 28. Bc6 {is similar to the game.}) (25... b6 26. d7 Rd8 27. Bc6 Bf6
28. Bc7 Rf8 29. Bd6 $10) (25... Rd8 26. Bxb7 Bf8 27. Rd1 $44) 26. Bxb7 Rcc2 27.
Be3 Rxb2 28. Rxb2 Rxb2 29. Bc6 a5 (29... a6 $5) 30. d7 Bd8 31. Kg2 Rc2 (31...
f6 {/\ Bc7}) 32. Bb5 Kf8 33. Kf3 Ke7 34. Kf4 Ke6 35. Bd3 Bc7+ 36. Kg5 f6+ 37.
Kh6 Rb2 38. Kxh7 f4 39. gxf4 Kxd7 40. Kg6 Rb4 41. h4 Bxf4 42. Bc5 Rb3 (42...
Rxa4 $4 43. Bb5+) 43. Bb5+ Kc7 44. h5 Rh3 45. Bf8 Rf3 46. Bc5 Rh3 47. Be2 Rc3
48. Bd4 Rc2 49. Bb5 Rd2 50. Bc3 Rxf2 51. Bxa5+ Kd6 52. Bb6 Rf3 53. a5 Be3 54.
Bd8 Rg3+ 55. Kf7 Rg5 56. Be2 (56. h6 Rh5) 56... Kd7 57. Bxf6 Rxa5 58. Bg4+
1/2-1/2